The Basic Book of Photography : (Record no. 584622)

MARC details
000 -LEADER
fixed length control field 00460nam a2200193 a 4500
008 - FIXED-LENGTH DATA ELEMENTS--GENERAL INFORMATION
fixed length control field 250831s2003##################000#0#eng##
020 ## - INTERNATIONAL STANDARD BOOK NUMBER
ISBN 9780452284258
082 04 - DEWEY DECIMAL CLASSIFICATION NUMBER
Classification number 770
Item number GRI
100 1# - MAIN ENTRY--AUTHOR NAME
Personal name Grimm, Tom,
245 10 - TITLE STATEMENT
Title The Basic Book of Photography :
260 ## - PUBLICATION, DISTRIBUTION, ETC. (IMPRINT)
Name of publisher Plume,
Year of publication 2003.
300 ## - PHYSICAL DESCRIPTION
Number of Pages 680 pages
650 #0 - SUBJECT ADDED ENTRY--TOPICAL TERM
Topical Term Photography.
942 ## - ADDED ENTRY ELEMENTS (KOHA)
Koha item type English Books
Holdings
Withdrawn status Lost status Damaged status Not for loan Home library Current library Shelving location Date acquired Full call number Accession Number Price effective from Koha item type
        Anna Centenary Library Anna Centenary Library 6TH FLOOR, B WING 31.08.2025 770 GRI 497440 31.08.2025 English Books

Find us on the map